Contemporary Chinese politics An introduction
Uloženo v:
| Hlavní autor: | |
|---|---|
| Médium: | Kniha |
| Jazyk: | Undetermined |
| Vydáno: |
New Jersey
Prentice-Hall
1985
|
| Témata: | |
| Tagy: |
Přidat tag
Žádné tagy, Buďte první, kdo otaguje tento záznam!
|
| Thư viện lưu trữ: | Trung tâm Học liệu Trường Đại học Cần Thơ |
|---|
| LEADER | 00539nam a2200193Ia 4500 | ||
|---|---|---|---|
| 001 | CTU_10853 | ||
| 008 | 210402s9999 xx 000 0 und d | ||
| 082 | |a 951.05 | ||
| 082 | |b W246 | ||
| 100 | |a James C.F Wang | ||
| 245 | 0 | |a Contemporary Chinese politics | |
| 245 | 3 | |b An introduction | |
| 245 | 0 | |c James C.F Wang | |
| 260 | |a New Jersey | ||
| 260 | |b Prentice-Hall | ||
| 260 | |c 1985 | ||
| 650 | |a china - history,china - politics and government | ||
| 904 | |i Minh, 961012 | ||
| 980 | |a Trung tâm Học liệu Trường Đại học Cần Thơ | ||